| 000 -LEADER |
| fixed length control field |
00913nam a22002537a 4500 |
| 005 - DATE AND TIME OF LATEST TRANSACTION |
| control field |
20221105194010.0 |
| 008 - FIXED-LENGTH DATA ELEMENTS--GENERAL INFORMATION |
| fixed length control field |
220915s2021 enk||||| |||| 00| 0 eng d |
| 020 ## - INTERNATIONAL STANDARD BOOK NUMBER |
| International Standard Book Number |
9780323624367 1 |
| 041 ## - LANGUAGE CODE |
| Language code of text/sound track or separate title |
eng |
| 080 ## - UNIVERSAL DECIMAL CLASSIFICATION NUMBER |
| Universal Decimal Classification number |
616.314.6 T-76 |
| 100 ## - MAIN ENTRY--PERSONAL NAME |
| Personal name |
Torabinejad, Mahmoud |
| 9 (RLIN) |
14605 |
| 245 ## - TITLE STATEMENT |
| Title |
Endodontics: |
| Remainder of title |
Principles and Practice |
| Statement of responsibility, etc. |
Mahmoud Torabinejad, Ashraf Fouad, Shahrkh Shabahang. |
| 250 ## - EDITION STATEMENT |
| Edition statement |
sixth edition |
| 264 ## - PRODUCTION, PUBLICATION, DISTRIBUTION, MANUFACTURE, AND COPYRIGHT NOTICE |
| Place of production, publication, distribution, manufacture |
London : |
| Name of producer, publisher, distributor, manufacturer |
Elsevier, |
| Date of production, publication, distribution, manufacture, or copyright notice |
2021. |
| 300 ## - PHYSICAL DESCRIPTION |
| Extent |
507 p.: |
| Other physical details |
ill.; |
| Dimensions |
28 cm. |
| 653 ## - INDEX TERM--UNCONTROLLED |
| keyword |
ენდოდონტია: პრინციპები და პრაქტიკა |
| 653 ## - INDEX TERM--UNCONTROLLED |
| keyword |
სტომატოლოგია |
| 653 ## - INDEX TERM--UNCONTROLLED |
| keyword |
მედიცინა |
| 653 ## - INDEX TERM--UNCONTROLLED |
| keyword |
стоматология |
| 653 ## - INDEX TERM--UNCONTROLLED |
| keyword |
эндодонтия |
| 700 ## - ADDED ENTRY--PERSONAL NAME |
| Personal name |
Fouad, Ashraf |
| Relator term |
ავტორი |
| 9 (RLIN) |
14606 |
| 700 ## - ADDED ENTRY--PERSONAL NAME |
| Personal name |
Shabahang, Shahrkh |
| Relator term |
ავტორი |
| 9 (RLIN) |
14607 |
| 942 ## - ADDED ENTRY ELEMENTS (KOHA) |
| Source of classification or shelving scheme |
|
| Koha item type |
წიგნი |